00371nam a2200157Ia 45000010006000000050017000060080041000230410008000640820016000721000025000882450036001132600009001493000039001586500008001976540008002051355820260306164810.0260306t2009||||xx |||||||||||||| ||spa|| aESP a004.65bB18 aBuford, John F.eAUT 0aP2P Networking and applications c2009 axxi, 415 páginas :cil. ; 25 cm. aGEN aCCC